000 00273nam a22001337a 4500
008 170918b xxu||||| |||| 00| 0 eng d
020 _a9781859673829
041 _aeng
080 _a7
100 _a44
101 _aART
245 _aMOSAICS
_cBAIRD,H
942 _2udc
_cBK
999 _c27936
_d27936